Word Ladder: 1952 Western Film Quiz Stats

 Plays Quiz Updated Aug 22, 2016

Challenge
Share
Tweet
Embed
Score 0/18 Timer 02:00
0 Plays Today
Clue 4-Letter Word % Correct
Founder of Playboy magazine HefnerHUGH
98.7%
1950's ABC TV Show 'The ___ Ranger'LONE
98.2%
Sit for a photoPOSE
97.2%
Bowling stripLANE
97.2%
● 1952 Western film: '___ [last rung]' ●
OR elevated
●HIGH●
96%
'8 Mile' song: '___ Yourself'LOSE
94.9%
Corner chess pieceROOK
94.6%
● 1952 Western film: '[first rung] ___' ●
OR the middle of the day
●NOON●
94.4%
To silence another personHUSH
94%
Clue 4-Letter Word % Correct
Landmark at Plymouth or GibraltarROCK
93.9%
'You, Me, and Dupree' actress HudsonKATE
92.7%
Breakfast area; Kindle competitorNOOK
92.2%
Track eventRACE
92.1%
Elegant or wealthyPOSH
91.7%
Aggressively promotePUSH
91.2%
Billiards triangleRACK
91.1%
To assign value to somethingRATE
90.2%
WWE wrestler known as 'The Big Red Machine'KANE
88.1%

Today's Daily Dose

You're not logged in!

Compare scores with friends on all Sporcle quizzes.
Join for Free
OR
Log In

You Might Also Like...

Show Comments

Extras

Top Quizzes Today


Score Distribution

Your Account Isn't Verified!

In order to create a playlist on Sporcle, you need to verify the email address you used during registration. Go to your Sporcle Settings to finish the process.

Report this User

Report this user for behavior that violates our Community Guidelines.

Details: